• 首页
  • 本馆介绍
  • 公告通知
  • 最新文献
  • 馆藏检索
  • 电子资源
  • 读者导购
  • 参考咨询
  • 我的图书馆
  • 登录
  • 详细信息显示
  • 放入我的书架
  • 预约/预借图书
  • 作者相关作品
  • 分类相关作品
  • 丛书相关作品
  • 出版社相关作品

书目信息

  • 表格格式
  • 工作单格式
  • 卡片格式
题名:
数的整除性
    
 
作者: 敏泉 著
分册:  
出版信息: 北京   科学普及出版社  1981
页数: 107页
开本: 19cm
丛书名:
单 册:
中图分类: O156.1
科图分类:
主题词: 初等数论
电子资源:
ISBN:
000 00591nam0 2200229 45
001 0181005373
005 20060427094239.90
010    @dCNY0.32
091    @a13051.1164
100    @a19950706d1981 em y0chiy0121 ea
101 0  @achi
102    @aCN@b110000
105    @ay z 000yy
200 10 @a数的整除性@Ashu de zheng chu xing@f敏泉著@Fmin quan zhu
210    @a北京@c科学普及出版社@d1981
215    @a107页@d19cm
606    @a初等数论
690    @aO156.1@v3
701  0 @a敏泉@Amin quan@4著
801  0 @aCN@b上海图书馆@c20060427
801  2 @aCN@bNLC@c20051209
905    @dO156.1@e12
    
    数的整除性/敏泉著.-北京:科学普及出版社,1981
    107页;19cm
    
    
    ISBN :CNY0.32
    
●
相关链接 在E读中查询图书 在五车中查询图书 在当当中查询图书 在豆瓣中查询图书


正题名:数的整除性     索取号:O156.1/12         预约/预借

序号 登录号 条形码 馆藏地/架位号 状态 备注
1 0054467   000414910   第二样本阅览室/ [索取号:O156.1/12] 在馆    
2 0054468   000414901   第三借阅区/ [索取号:O156.1/12] 在馆    
3 0054469   000414929   密集书库/ [索取号:O156.1/12] 在馆    
4 0054470   000410040   密集书库/ [索取号:O156.1/12] 在馆    
5 0054471   202164941   密集书库/ [索取号:O156.1/12] 在馆    
唐山师范学院图书馆 欢迎您!
大连网信软件有限公司© 版权所有